[Event "Seville op 40th"]
[Site "Seville"]
[Date "2015.01.26"]
[Round "3"]
[White "Gaitan Ramirez, Alfonso"]
[Black "Naranjo Moreno, Antonio"]
[Result "0-1"]
[WhiteElo "2012"]
[BlackElo "2285"]
[PlyCount "34"]
[EventDate "2015.01.25"]
[EventType "swiss"]
[EventRounds "9"]
[EventCountry "ESP"]
[SourceTitle "CBM 164 Extra"]
[Source "ChessBase"]
[SourceDate "2015.03.02"]
[SourceVersion "1"]
[SourceVersionDate "2015.03.02"]
[SourceQuality "1"]

1. e4 e5 2. Nf3 Nc6 3. Bb5 a6 4. Ba4 Nf6 5. 0-0 Be7 6. Re1 b5 7. Bb3 0-0 8. c3 d6 9. d4 Bg4 10. d5 Na5 11. Bc2 c5 12. h3 Bd7 13. Nbd2 Ne8 14. Nf1 g6 15. Bh6 Ng7 16. Nxe5 dxe5 17. d6 Bg5 0-1

[Event "Seville op 39th"]
[Site "Seville"]
[Date "2014.01.17"]
[Round "8"]
[White "Gaitan Ramirez, Alfonso"]
[Black "Guerreiro, Nuno M"]
[Result "0-1"]
[WhiteElo "2020"]
[BlackElo "2161"]
[PlyCount "104"]
[EventDate "2014.01.10"]
[EventType "swiss"]
[EventRounds "9"]
[EventCountry "ESP"]
[SourceTitle "CBM 158 Extra"]
[Source "ChessBase"]
[SourceDate "2014.02.28"]
[SourceVersion "1"]
[SourceVersionDate "2014.02.28"]
[SourceQuality "1"]

1. c4 Nc6 2. Nc3 e5 3. Nf3 Nf6 4. e4 Bb4 5. d3 d6 6. g3 0-0 7. Bg2 Bg4 8. h3 Bxf3 9. Bxf3 Nd4 10. Bg2 Bc5 11. Be3 c6 12. 0-0 a5 13. Kh2 h6 14. Ne2 Qb6 15. Bxd4 Bxd4 16. Nxd4 Qxd4 17. Qb3 Rfb8 18. Rac1 Nd7 19. Qc3 Nc5 20. Qxd4 exd4 21. Rcd1 a4 22. f4 Re8 23. g4 Ra6 24. Rf2 Rb6 25. Bf1 Rb4 26. Kg3 b5 27. cxb5 Rxb5 28. Bg2 Reb8 29. Rdd2 Na6 30. Bf3 Nb4 31. a3 Na6 32. Bd1 Nc5 33. h4 Kf8 34. g5 hxg5 35. hxg5 Ke7 36. Rh2 g6 37. f5 Rg8 38. f6+ Ke8 39. Bg4 Rb3 40. Kf4 Nxd3+ 41. Rxd3 Rxd3 42. Rc2 c5 43. Rc4 Rb3 44. Rxa4 Rb8 45. Ra6 Rd8 46. Ra7 Rh8 47. Be2 Rh4+ 48. Kf3 Rh3+ 49. Kf4 d3 50. Bd1 d2 51. a4 c4 52. a5 Rh1 0-1

[Event "Seville op 39th"]
[Site "Seville"]
[Date "2014.01.14"]
[Round "5"]
[White "Padeiro, Jose Joao Tato"]
[Black "Gaitan Ramirez, Alfonso"]
[Result "1-0"]
[WhiteElo "2337"]
[BlackElo "2020"]
[PlyCount "96"]
[EventDate "2014.01.10"]
[EventType "swiss"]
[EventRounds "9"]
[EventCountry "ESP"]
[SourceTitle "CBM 158 Extra"]
[Source "ChessBase"]
[SourceDate "2014.02.28"]
[SourceVersion "1"]
[SourceVersionDate "2014.02.28"]
[SourceQuality "1"]

1. Nf3 d5 2. d4 Nf6 3. c4 e6 4. Nc3 c5 5. e3 a6 6. a3 Nc6 7. Bd3 dxc4 8. Bxc4 b5 9. Ba2 Bb7 10. 0-0 Be7 11. Qd3 0-0 12. Rd1 cxd4 13. exd4 b4 14. Na4 Qa5 15. Bb3 Qh5 16. Bf4 Nd5 17. Bxd5 exd5 18. Rac1 Qg4 19. Bc7 Qe4 20. Bb6 Qxd3 21. Rxd3 bxa3 22. bxa3 Rfe8 23. Bc5 Bd8 24. Bd6 Na5 25. Nb2 Re2 26. Rd2 Rxd2 27. Nxd2 Rc8 28. Re1 Bf6 29. Bc5 h6 30. Nd3 Nc4 31. Nf3 g6 32. h4 h5 33. Be7 Bg7 34. Nc5 Bc6 35. Nxa6 Bb5 36. Nb4 Nxa3 37. Nxd5 Nc2 38. Rc1 Rc4 39. Nb6 Rc6 40. d5 Rxb6 41. Rxc2 Rb7 42. Rc8+ Kh7 43. Ng5+ Kh6 44. Nxf7+ Kh7 45. d6 Ba4 46. Rc7 Rb1+ 47. Kh2 Rd1 48. Ng5+ Kh6 1-0

[Event "Andalucia-ch"]
[Site "Lucena"]
[Date "2012.04.30"]
[Round "8"]
[White "Gaitan Ramirez, Alfonso"]
[Black "Cano Padilla, Ruben Jesus"]
[Result "0-1"]
[WhiteElo "2011"]
[BlackElo "2024"]
[PlyCount "118"]
[EventDate "2012.04.26"]
[EventType "swiss"]
[EventRounds "9"]
[EventCountry "ESP"]
[SourceTitle "EXT 2013"]
[Source "ChessBase"]
[SourceDate "2012.11.22"]
[SourceVersion "1"]
[SourceVersionDate "2012.11.22"]
[SourceQuality "1"]

1. c4 f5 2. d4 Nf6 3. Nf3 g6 4. Nc3 Bg7 5. g3 0-0 6. Bg2 d6 7. 0-0 Qe8 8. d5 a5 9. Nd4 Na6 10. h3 Nc5 11. Ndb5 Qd8 12. Be3 Nfe4 13. Bd4 c6 14. Bxg7 Kxg7 15. Nxe4 Nxe4 16. Nc3 Nxc3 17. Qd4+ Kg8 18. Qxc3 c5 19. f4 Qb6 20. Rfe1 Qb4 21. Rac1 Bd7 22. e4 Rf7 23. e5 Be8 24. exd6 exd6 25. Re6 Rd7 26. a3 Qb6 27. Rce1 Bf7 28. R6e2 Rdd8 29. Bf3 Re8 30. g4 fxg4 31. Rxe8+ Rxe8 32. Rxe8+ Bxe8 33. Bxg4 Qd8 34. Be6+ Bf7 35. Qe1 Qf6 36. Qxa5 Qd4+ 37. Kh1 Qe4+ 38. Kg1 Qb1+ 39. Kg2 Qe4+ 40. Kg1 Qb1+ 41. Kg2 Qxb2+ 42. Kg3 Qb3+ 43. Kh4 g5+ 44. fxg5 Qxc4+ 45. Bg4 Qf4 46. Qe1 b5 47. Qe2 Kg7 48. Qb2+ Kg8 49. a4 Qxa4 50. Qf6 Qd4 51. Qd8+ Kg7 52. Qxd6 Qf2+ 53. Qg3 Qxg3+ 54. Kxg3 Bxd5 55. Kf4 b4 56. Ke5 Bf7 57. Kd6 c4 58. Kc5 b3 59. Bf5 c3 0-1

[Event "Seville op 36th"]
[Site "Seville"]
[Date "2011.01.08"]
[Round "2"]
[White "Lalic, Bogdan"]
[Black "Gaitan Ramirez, Alfonso"]
[Result "1-0"]
[WhiteElo "2491"]
[BlackElo "2032"]
[PlyCount "81"]
[EventDate "2011.01.07"]
[EventType "swiss"]
[EventRounds "9"]
[EventCountry "ESP"]
[SourceTitle "CBM 140 Extra"]
[Source "ChessBase"]
[SourceDate "2011.03.01"]
[SourceVersion "1"]
[SourceVersionDate "2011.03.01"]
[SourceQuality "1"]

1. Nf3 c5 2. c4 e6 3. Nc3 Nf6 4. g3 d5 5. cxd5 exd5 6. d4 Nc6 7. Bg2 Be7 8. 0-0 0-0 9. Bg5 cxd4 10. Nxd4 h6 11. Bf4 Be6 12. Rc1 Rc8 13. Nxe6 fxe6 14. e4 e5 15. exd5 exf4 16. dxc6 bxc6 17. Qa4 Qb6 18. Qxf4 Qxb2 19. Qc4+ Kh8 20. Ne2 Nd5 21. Rc2 Qe5 22. Qd4 Qxd4 23. Nxd4 Nb4 24. Rc4 c5 25. Ne6 Rf6 26. Nf4 g5 27. a3 gxf4 28. axb4 f3 29. Bh3 Rb8 30. bxc5 Rc6 31. Rc3 Rxc5 32. Rxf3 Kg7 33. Re1 Bf6 34. Bf1 Rb6 35. Re8 Rc1 36. Kg2 a5 37. Ra8 Rc5 38. Ra7+ Kg8 39. Rf4 Bc3 40. Bc4+ Rxc4 41. Rxc4 1-0

[Event "Dos Hermanas op 5th"]
[Site "Dos Hermanas"]
[Date "2006.03.31"]
[Round "2"]
[White "Gaitan Ramirez, Alfonso"]
[Black "De la Villa Garcia, Jesus Maria"]
[Result "0-1"]
[WhiteElo "1997"]
[BlackElo "2451"]
[PlyCount "28"]
[EventDate "2006.03.30"]
[EventType "swiss"]
[EventRounds "9"]
[EventCountry "ESP"]
[SourceTitle "CBM 111 Extra"]
[Source "ChessBase"]
[SourceDate "2006.05.09"]
[SourceVersion "1"]
[SourceVersionDate "2006.05.09"]
[SourceQuality "1"]

1. e4 c5 2. Nf3 Nc6 3. d3 g6 4. g3 Bg7 5. Bg2 Nf6 6. 0-0 0-0 7. c3 d5 8. e5 Ne8 9. d4 cxd4 10. cxd4 Bg4 11. Nc3 e6 12. Be3 f6 13. exf6 Qxf6 14. Bf4 Bxf3 0-1

[Event "Dos Hermanas op"]
[Site "Dos Hermanas"]
[Date "2000.04.08"]
[Round "2"]
[White "Gaitan Ramirez, Alfonso"]
[Black "Cifuentes Parada, Roberto"]
[Result "0-1"]
[WhiteElo "2080"]
[BlackElo "2483"]
[PlyCount "30"]
[EventDate "2000.04.??"]
[EventType "swiss"]
[EventRounds "9"]
[EventCountry "ESP"]
[SourceTitle "CBM 075 Extra"]
[Source "ChessBase"]
[SourceDate "2000.05.11"]
[SourceVersion "2"]
[SourceVersionDate "2000.05.11"]
[SourceQuality "1"]

1. c4 e6 2. Nc3 d5 3. cxd5 exd5 4. d4 c6 5. Bf4 Nf6 6. e3 Bf5 7. Bd3 Bxd3 8. Qxd3 Bd6 9. Bxd6 Qxd6 10. Nf3 Nbd7 11. 0-0 0-0 12. Rfe1 Rae8 13. e4 dxe4 14. Nxe4 Nxe4 15. Rxe4 Nc5 0-1